Director by Films - Statistics

General Stats
  • This quiz has been taken 59 times
  • The average score is 13 of 20
Answer Stats
Films Director % Correct
North by Northwest, The Birds Alfred Hitchcock
98%
King Kong, The Hobbit: An Unexpected Journey Peter Jackson
96%
Blade Runner, Kingdom of Heaven Ridley Scott
80%
Rosemary's Baby, Chinatown Roman Polanski
78%
The Elephant Man, Inland Empire David Lynch
74%
The Killing, Spartacus Stanley Kubrick
74%
Rashomon, Yojimbo Akira Kurosawa
72%
Gone Girl, Zodiac David Fincher
67%
Memories of Murder, Parasite Bong Joon-ho
63%
Children of Men, Gravity Alfonso Cuarón
61%
Bowling for Columbine, Fahrenheit 9/11 Michael Moore
61%
Before Sunset, Dazed and Confused Richard Linklater
59%
La Strada, Amarcord Federico Fellini
57%
The Searchers, Stagecoach John Ford
57%
The Bridge on the River Kwai, Doctor Zhivago David Lean
52%
Day for Night, The 400 Blows François Truffaut
50%
Fitzcarraldo, Grizzly Man Werner Herzog
46%
Blow Up, The Passenger Michelangelo Antonioni
39%
McCabe & Mrs. Miller, Gosford Park Robert Altman
39%
Broken Flowers, Only Lovers Left Alive Jim Jarmusch
35%
No matching quizzes found
Score Distribution
Percent of People with Each Score
Percentile by Number Answered
Your Score History
You have not taken this quiz